The manager's guide to HR : hiring, firing, performance evaluations, documentation, benefits, and everything else you need to know /

Guardat en:
Dades bibliogràfiques
Autor principal: Muller, Max, 1947-
Format: Llibre
Idioma:English
Publicat: New York : American Management Association, [2013]
Edició:Second edition.
Matèries:
Etiquetes: Afegir etiqueta
Sense etiquetes, Sigues el primer a etiquetar aquest registre!
LEADER 01357nam a22003737a 4500
001 (Sirsi) i9780814433027
005 20190330163201.0
008 130321n2013 nyu|||||||||||001|0|eng|d
010 |a 2013007817 
020 |a 0814433022 (hardcover) 
020 |a 9780814433027 (hardcover) 
040 |a DLC  |b eng  |c SMLIBRARY  |d SMLIBRARY  |e AACR2 
042 |a pcc 
043 |a n-us--- 
050 0 0 |a HF5549  |b .M786 2013 
082 0 0 |a 658.3  |2 23 
100 1 |a Muller, Max,  |d 1947- 
245 1 4 |a The manager's guide to HR :   |b hiring, firing, performance evaluations, documentation, benefits, and everything else you need to know /   |c Max Muller. 
250 |a Second edition. 
263 |a 1308 
264 1 |a New York :   |b American Management Association,   |c [2013] 
336 |a text  |2 rdacontent 
337 |a unmediated  |2 rdamedia 
338 |a volume  |2 rdacarrier 
500 |a Includes index. 
650 0 |a Labor laws and legislation  |z United States. 
650 0 |a Personnel management. 
650 0 |a Supervision of employees. 
900 |a AAA-0001 
903 |a  SMLNEWITEM, SMLPOPULAR 
904 |a 1 
942 |2 ddc  |c BOOK 
952 |0 0  |1 0  |2 ddc  |4 0  |6 658_300000000000000_MUL  |7 0  |8 ADULT | ANFIC  |9 37328  |a SMLIBRARY  |b SMLIBRARY  |c ADULT  |d 2013-11-22  |g 82.07  |l 0  |o 658.3 MUL  |p BK10030539J  |r 2019-03-30 00:00:00  |t 1  |v 82.07  |w 2019-06-25  |y ADULTBOOK 
999 |c 31745  |d 31745